KOHA-Header-6

50 psychology classics : (Record no. 13061)

000 -LEADER
fixed length control field 05217cam a2200385 a 4500
001 - CONTROL NUMBER
control field 14503251
003 - CONTROL NUMBER IDENTIFIER
control field MAJU-Karachi
005 - DATE AND TIME OF LATEST TRANSACTION
control field 20210520094416.0
008 - FIXED-LENGTH DATA ELEMENTS--GENERAL INFORMATION
fixed length control field 060817s2007 enk b 000 0 eng
010 ## - LIBRARY OF CONGRESS CONTROL NUMBER
LC control number 2006026586
015 ## - NATIONAL BIBLIOGRAPHY NUMBER
National bibliography number GBA668748
Source bnb
016 7# - NATIONAL BIBLIOGRAPHIC AGENCY CONTROL NUMBER
Record control number 013527653
Source Uk
020 ## - INTERNATIONAL STANDARD BOOK NUMBER
International Standard Book Number 1857883861
020 ## - INTERNATIONAL STANDARD BOOK NUMBER
International Standard Book Number 9781857883862
035 ## - SYSTEM CONTROL NUMBER
System control number (OCoLC)ocm71210126
040 ## - CATALOGING SOURCE
Original cataloging agency DLC
Transcribing agency DLC
Modifying agency YDX
-- BAKER
-- YDXCP
-- UKM
-- BTCTA
-- VP@
-- HNW
-- DLC
050 00 - LIBRARY OF CONGRESS CALL NUMBER
Classification number BF76.8
Item number .B88 2007
082 00 - DEWEY DECIMAL CLASSIFICATION NUMBER
Classification number 150
Edition number 22
082 00 - DEWEY DECIMAL CLASSIFICATION NUMBER
Classification number 016.15
Edition number 22
100 1# - MAIN ENTRY--PERSONAL NAME
Personal name Butler-Bowdon, Tom,
Dates associated with a name 1967-
245 10 - TITLE STATEMENT
Title 50 psychology classics :
Remainder of title who we are, how we think, what we do : insight and inspiration from 50 key books /
Statement of responsibility, etc Tom Butler-Bowdon.
246 3# - VARYING FORM OF TITLE
Title proper/short title Fifty psychology classics
260 ## - PUBLICATION, DISTRIBUTION, ETC. (IMPRINT)
Place of publication, distribution, etc London ;
-- Boston :
Name of publisher, distributor, etc Nicholas Brealey Pub.,
Date of publication, distribution, etc 2007.
300 ## - PHYSICAL DESCRIPTION
Extent viii, 301 p. ;
Dimensions 23 cm.
504 ## - BIBLIOGRAPHY, ETC. NOTE
Bibliography, etc Includes bibliographical references (p. 291-301).
505 0# - FORMATTED CONTENTS NOTE
Formatted contents note Alfred Adler. Understanding human nature (1927) -- Gavin de Becker. The gift of fear : survival signals that protect us from violence (1997) -- Eric Berne. Games people play : the psychology of human relationships (1964) -- Robert Bolton. People skills : how to assert yourself, listen to others, and resolve conflicts (1979) -- Edward de Bono. Lateral thinking : creativity step by step (1970) -- Nathaniel Branden. The psychology of self-esteem (1969) -- David D. Burns. Gifts differing : understanding personality type (1980) -- Robert Cialdini. Influence : the psychology of persuasion (1984) -- Mihaly Csikszentmihalyi. Creativity : flow and the psychology of discovery and invention (1996) -- Albert Ellis & Robert A. Harper. A guide to rational living (1961) -- Sidney Rosen. My voice will go with you : the teaching tales of Milton H. Erickson, M.D. (1982) -- Erik Erikson. Young man Luther : a study in psychoanalysis and history (1958) -- Hans Eysenck. Dimensions of personality (1947) -- Susan Forward. Emotional blackmail : when the people in your life use fear, obligation, and guilt to manipulate you (1997) -- Viktor Frankl. The will to meaning : foundations and applications of logotherapy (1969) -- Anna Freud. The ego and the mechanisms of defence (1936) -- Sigmund Freud. The interpretation of dreams (1900) -- Howard Gardner. Frames of mind : the theory of multiple intelligences (1983) -- Daniel Gilbert. Stumbling on happiness (2006) -- Malcolm Gladwell. Blink : the power of thinking without thinking (2005) -- Daniel Goleman. Working with emotional intelligence (1998) -- John M. Gottman. The seven principles for making marriage work (1999) -- Harry Harlow. The nature of love (1958) -- Thomas A. Harris. I'm ok-you're ok (1967) -- Eric Hoffer. The true believer : thoughts on the nature of mass movements (1951) --
505 0# - FORMATTED CONTENTS NOTE
Formatted contents note [cont.] Karen Horney. Our inner conflicts : a constructive theory of neurosis (1945) -- William James. The principles of psychology (1890) -- Carl Jung. The archetypes and the collective unconscious (1968) -- Alfred Kinsey. Sexual behavior in the human female (1953) -- Melanie Klein. Envy and gratitude (1957) -- R. D. Laing. The divided self : a study of sanity and madness (1960) -- Abraham Maslow. The farther reaches of human nature (1971) -- Stanley Milgram. Obedience to authority : an experimental view (1974) -- Anne Moir & David Jessel. Brainsex : the real difference between men and women (1989) -- Ivan Pavlov. Conditioned reflexes : an investigation of the physiological activity of the cerebral cortex (1927) -- Fritz Perls. Gestalt therapy : excitement and growth in the human personality (1951) -- Jean Piaget. The language and thought of the child (1923) -- Steven Pinker. The blank slate : the modern denial of human nature (2002) -- V. S. Ramachandran. Phantoms in the brain : probing the mysteries of the human mind (1998) -- Carl Rogers. On becoming a person : a therapist's view of psychotherapy (1961) -- Oliver Sacks. The man who mistook his wife for a hat : and other clinical tales (1970) -- Barry Schwartz. The paradox of choice : why more is less (2004) -- Martin Seligman. Authentic happiness : using the new positive psychology to realize your potential for lasting fulfillment (2002) -- Gail Sheehy. Passages : predictable crises of adult life (1976) -- B. F. Skinner. Beyond freedom and dignity (1971) -- Douglas Stone, Bruce Patton, & Sheila Heen. Difficult conversations : how to discuss what matters most (1999) -- William Styron. Darkness visible : a memoir of madness (1990) -- Robert E. Thayer. The origin of everyday moods : managing energy, tension, and stress (1996).
650 #0 - SUBJECT ADDED ENTRY--TOPICAL TERM
Topical term or geographic name as entry element Psychological literature.
856 41 - ELECTRONIC LOCATION AND ACCESS
Materials specified Table of contents only
Uniform Resource Identifier <a href="http://www.loc.gov/catdir/toc/ecip0619/2006026586.html">http://www.loc.gov/catdir/toc/ecip0619/2006026586.html</a>
856 42 - ELECTRONIC LOCATION AND ACCESS
Materials specified Contributor biographical information
Uniform Resource Identifier <a href="http://www.loc.gov/catdir/enhancements/fy1102/2006026586-b.html">http://www.loc.gov/catdir/enhancements/fy1102/2006026586-b.html</a>
856 42 - ELECTRONIC LOCATION AND ACCESS
Materials specified Publisher description
Uniform Resource Identifier <a href="http://www.loc.gov/catdir/enhancements/fy1401/2006026586-d.html">http://www.loc.gov/catdir/enhancements/fy1401/2006026586-d.html</a>
906 ## - LOCAL DATA ELEMENT F, LDF (RLIN)
a 7
b cbc
c orignew
d 1
e ecip
f 20
g y-gencatlg
942 ## - ADDED ENTRY ELEMENTS (KOHA)
Source of classification or shelving scheme
Koha item type Psychology
Holdings
Withdrawn status Lost status Source of classification or shelving scheme Damaged status Not for loan Collection code Permanent Location Current Location Shelving location Date acquired Full call number Barcode Date last seen Price effective from Koha item type
&nbsp; &nbsp; &nbsp; &nbsp; &nbsp; Psychology MAJU MAJU Shelf No.B35 2021-05-20 150 10166 2021-05-20 2021-05-20 Psychology

Powered by Koha